Theatro critico universal, o, Discursos varios en todo genero de materias, para desengaño de errores comunes / escrito por el M. R. Padre Maestro Fray Benito Geronymo Feijoò Maestro General de la Religion de San Benito

Detalles Bibliográficos
Autor principal: Feyjoó y Montenegro, Benito Jerónimo, (1676-1764)
Formato: Libro
Lenguaje:Undetermined
Spanish
Publicado: en Madrid : en la oficina de Domingo Fernandez de Arrojo, 1757.
Edición:Septima impression
Materias:
Colección:Banco de datos
Acervo:Biblioteca Palafoxiana. Colección bibliográfica
Descripción Física:t. ; 4°
Tema general:Literatura española
Notas:Daños de polilla. Número de localización: t.2 (14365)
LEADER 00808nam a2200181Ia 4500
008 150723s9999 xx 000 0 und d
041 0 |a spa 
050 0 |a PAFX PQ6171 F4 
100 1 |a Feyjoó y Montenegro, Benito Jerónimo, (1676-1764) 
245 1 0 |a Theatro critico universal, o, Discursos varios en todo genero de materias, para desengaño de errores comunes / escrito por el M. R. Padre Maestro Fray Benito Geronymo Feijoò Maestro General de la Religion de San Benito 
250 |a Septima impression 
260 |a en Madrid : en la oficina de Domingo Fernandez de Arrojo, 1757. 
300 |a t. ; 4° 
500 |a Daños de polilla. Número de localización: t.2 (14365) 
650 1 0 |a Literatura española 
942 |c PALALIB 
943 |g Biblioteca Palafoxiana. Colección bibliográfica 
999 |c 1055021  |d 1055021